| 000 -LEADER |
| fixed length control field |
01376cas a2200361 a 4500 |
| 001 - CONTROL NUMBER |
| control field |
15520689 |
| 005 - DATE AND TIME OF LATEST TRANSACTION |
| control field |
20180208075811.0 |
| 008 - FIXED-LENGTH DATA ELEMENTS--GENERAL INFORMATION |
| fixed length control field |
070829c20079999mnuar v 0 a0eng c |
| 010 ## - LIBRARY OF CONGRESS CONTROL NUMBER |
| LC control number |
2008234133 |
| 022 0# - INTERNATIONAL STANDARD SERIAL NUMBER |
| International Standard Serial Number |
1944-5849 |
| Source |
1 |
| 035 ## - SYSTEM CONTROL NUMBER |
| System control number |
(OCoLC)ocn166394530 |
| 037 ## - SOURCE OF ACQUISITION |
| Source of stock number/acquisition |
Thomson/West, 610 Opperman Drive, Eagan, MN 55123 |
| 040 ## - CATALOGING SOURCE |
| Original cataloging agency |
ONL |
| Language of cataloging |
eng |
| Transcribing agency |
ONL |
| Modifying agency |
HVL |
| -- |
DLC |
| -- |
OCLCQ |
| -- |
DLC |
| -- |
OCLCA |
| -- |
OCLCF |
| -- |
OCLCO |
| -- |
YDXCP |
| -- |
LRP |
| -- |
YDX |
| -- |
OCLCQ |
| 041 ## - LANGUAGE CODE |
| Language code of text/sound track or separate title |
eng |
| 042 ## - AUTHENTICATION CODE |
| Authentication code |
pcc |
| -- |
nsdp |
| 043 ## - GEOGRAPHIC AREA CODE |
| Geographic area code |
n-us--- |
| 080 ## - UNIVERSAL DECIMAL CLASSIFICATION NUMBER |
| Universal Decimal Classification number |
342.73 CHO |
| 082 10 - DEWEY DECIMAL CLASSIFICATION NUMBER |
| Classification number |
342.73 CHO |
| Edition number |
14 |
| 100 ## - Rafti |
| Rafti |
15 |
| 101 ## - Shkurtesa |
| Shkurtesa |
JUR |
| 222 #0 - KEY TITLE |
| Key title |
Constitutional law leading cases |
| 245 00 - TITLE STATEMENT |
| Title |
Constitutional law--leading cases. |
| 246 1# - VARYING FORM OF TITLE |
| Display text |
Vols. for <2012-> also have a title: |
| Title proper/short title |
Leading cases in constitutional law |
| 310 ## - CURRENT PUBLICATION FREQUENCY |
| Current publication frequency |
Annual |
| 362 0# - DATES OF PUBLICATION AND/OR SEQUENTIAL DESIGNATION |
| Dates of publication and/or sequential designation |
2007 ed.- |
| 580 ## - LINKING ENTRY COMPLEXITY NOTE |
| Linking entry complexity note |
Based on: Constitutional law : cases, comments, questions. |
| 776 08 - ADDITIONAL PHYSICAL FORM ENTRY |
| Display text |
Online version: |
| Title |
Constitutional law--leading cases |
| Record control number |
(OCoLC)765357564 |
| 787 1# - NONSPECIFIC RELATIONSHIP ENTRY |
| Title |
Constitutional law : cases, comments, questions |
| 906 ## - LOCAL DATA ELEMENT F, LDF (RLIN) |
| a |
7 |
| b |
cbc |
| c |
serials |
| d |
2 |
| e |
ncip |
| f |
20 |
| g |
n-oclcserc |
| 942 ## - ADDED ENTRY ELEMENTS (KOHA) |
| Source of classification or shelving scheme |
|
| Item type |
Books |